00493cam a22001452 4500001001100000005001700011008004100028040001500069050001600084245010400100260002800204300001400232651006600246700003500312000000139720151217151816.0070307s xx 000 0 eng d aKABUcKABU 0aGN645b.A3710aAfrican cultural knowledge :bthemes and embedded beliefs /ccompiled and ed. by Michael C. Kirwen. aNairobi :bMIAS,c2005. av, 274 p. 0aAfricaxCivilization and social life and customs.@00001500951 aKirwen, Michael C.@0000150096